Mistrzowie top 5 lig. - Statystyki

Ogólne statystyki
  • Ten quiz został rozwiązany 182 razy
  • Średni wynik to 4 z 5
Statystyki odpowiedzi
Liga Klub % Poprawnych
Bundesliga Bayern Monachium
98%
Premier League Manchester City
96%
Serie A Inter
94%
La Liga Atletico Madryt
88%
Ligue 1 Lille
72%
Nie znaleziono quizów pasujących do podanych kryteriów
Rozkład punktacji
Procent ludzi z każdym wynikiem
Percentyl według liczby udzielonych odpowiedzi
Twoja historia wyników
Nie rozwiązałeś tego quizu